000 00749nam a22001817a 4500
003 UA-OsUOA
001 17528
007 ta
008 20040313b un ||||| |||| 00| 0 ukr d
100 _aФедун Л.
942 _cSA
040 _aUA-OsUOA
_cUA-OsUOA
_dUA-OsUOA
245 _aЧудо-напої Поліського краю: [Провід. технолог ЗАТ "Західпиво" Квасилівського пивзаводу Л. Федун розповідає про випуск продукції (напоїв) з Торговою маркою "Еколайн"]
300 _aС.15
955 _a0
773 0 _w0
_tОго
_dРівне
_d2004
_g№32/4 берез./
650 7 _aКраєзнавча робота
_2UDC
999 _c303696
_d303696